00206nam a2200073Ia 4500008004100000100001300041245004700054260003100101170524s9999 xx 000 0 und d aKHAN- MY 0aManagement Accounting & Financial Analysis bTATA MCGRAW HILL NEW DELHI